[Event "Ille et Vilaine-ch 1112"]
[Site "Ile et Vilaine"]
[Date "2011.10.08"]
[Round "1.14"]
[White "Morgant, Jean Marc"]
[Black "Colleter, Christian"]
[Result "1-0"]
[WhiteElo "1490"]
[BlackElo "1499"]
[PlyCount "61"]
[EventDate "2012.10.??"]
[EventType "swiss"]
[EventRounds "7"]
[EventCountry "FRA"]
[SourceTitle "EXT 2014"]
[Source "ChessBase"]
[SourceDate "2013.11.20"]
[SourceVersion "1"]
[SourceVersionDate "2013.11.20"]
[SourceQuality "1"]

1. e4 Nf6 2. e5 Nd5 3. c4 Nb6 4. d4 d6 5. Nf3 dxe5 6. Nxe5 g6 7. Be2 Bg7 8. 0-0 0-0 9. f4 c6 10. Nc3 Be6 11. c5 Nd5 12. Bf3 Na6 13. Nxd5 Bxd5 14. Be3 Be6 15. Rf2 Nc7 16. Rd2 Bd5 17. Bf2 Bh6 18. g3 Bxf3 19. Qxf3 Nd5 20. Ng4 Bg7 21. Ne3 e6 22. Nc4 Rb8 23. Qa3 Qf6 24. Ne5 Rfd8 25. Rad1 h5 26. b4 a6 27. Nc4 Bh6 28. Nd6 Bg7 29. h4 Nxf4 30. gxf4 Qxf4 31. Rd3 1-0